Lequel ? Impossible - Statistiques

Statistiques générales
  • Ce quiz a été pris 104 fois
  • Le résultat moyen est 5 sur 15
Statistiques - réponses
Question Réponse % Correct
Lequel ne tue pas par venin ? L'Anaconda
80%
Lequel de ces aliments est un légume ? Le potimarron
80%
Lequel de ces personnages est mort le plus tard ? Clovis
60%
Lequel de ces fromages n'existe pas Le Chèvre du diable
60%
Laquelle de ces expressions contenant le mot "fin" n'existe pas ? Chanter sa fin
40%
Lequel de ces pays est le plus grand ? Le Chili
40%
Lequel de ces poissons est le plus grand ? Le thon
40%
Lequel de ces dieux est un dieu romain ? Apollon
20%
Laquelle de ces entreprises est d'origine française ? Ledger
20%
Lequel de ces mots ne correspond pas à un animal ? Le Mangoustan
20%
Lequel de ces endroits n'existe pas réellement ? Perpète-les-oies
20%
Lequel de ces chanteurs n'a PAS fait un feat avec Ed Sheeran ? Angèle
0%
Lequel de ces chanteurs a réalisé un feat avec Shakira ? Black M
0%
Lequel de ces mots ne correspond pas à un animal v2 ? Le Roy argenté
0%
Lequel de ces prénoms est le plus commun en France ? Philippe
0%
Aucun quiz correspondant
Distribution des résultats
% des personnes avec chaque résultat
Percentile par nombre de réponses
Votre historique - résultats
Vous n’avez pas pris ce quiz